Mitgliedstaaten im Rheinbund - Statistiken

Allgemein
  • Dieses Quiz wurde 81 mal gespielt
  • Das Durchschnittsergebnis liegt bei 12 aus 39
Antwortstatistiken
Zeitraum Bezeichnung Mitgliedstaat % Korrekt
1806-1813 Großherzogtum Baden
92%
1806-1813 Königreich Sachsen
87%
1806-1813 Königreich Bayern
85%
1806-1813 Großherzogtum Hessen-Darmstadt
81%
1806-1813 Königreich Württemberg
75%
1806-1813 Herzogtum Nassau
62%
1810-1813 Großherzogtum Frankfurt
53%
1808-1810 Herzogtum Oldenburg
53%
1806-1813 Königreich Westphalen
53%
1807-1813 Fürstentum Lippe
47%
1808-1813 Herzogtum Mecklenburg-Schwerin
42%
1808-1813 Herzogtum Mecklenburg-Strelitz
36%
1806-1813 Herzogtum Sachsen-Meiningen
36%
1807-1813 Fürstentum Schaumburg-Lippe
32%
1807-1813 Herzogtum Anhalt-Dessau
30%
1806-1813 Großherzogtum Berg
30%
1806-1813 Herzogtum Sachsen-Weimar-Eisenach
26%
1807-1813 Fürstentum Schwarzburg-Sondershausen
26%
1806-1813 Fürstentum Liechtenstein
25%
1807-1813 Fürstentum Schwarzburg-Rudolstadt
25%
1807-1813 Fürstentum Waldeck
25%
1807-1813 Herzogtum Anhalt-Bernburg
23%
1807-1813 Herzogtum Anhalt-Köthen
19%
1806-1813 Großherzogtum Würzburg
19%
1806-1813 Fürstentum Hohenzollern-Sigmaringen
17%
1806-1813 Herzogtum Sachsen-Hildburghausen
17%
1806-1810 Fürstentum Aschaffenburg
15%
1806-1813 Fürstentum Hohenzollern-Hechingen
15%
1806-1810 Fürstentum Regensburg
9%
1806-1813 Herzogtum Sachsen-Coburg-Saalfeld
9%
1807-1813 Fürstentum Reuß-Greiz
8%
1806-1813 Herzogtum Sachsen-Gotha-Altenburg
8%
1806-1810 Herzogtum Arenberg-Meppen
6%
1807-1813 Fürstentum Reuß-Schleiz
6%
1806-1813 Fürstentum Isenburg
4%
1807-1813 Fürstentum Reuß-Ebersdorf
4%
1807-1813 Fürstentum Reuß-Lobenstein
4%
1806-1811 Fürstentum Salm
4%
1806-1813 Fürstentum von der Leyen
4%
Keine übereinstimmenden Quizze gefunden
Verteilung der Resultate
Anzahl Personen mit jedem Resultat
Perzentil nach korrekt beantworteten Fragen
Ihre Resultats-Entwicklung
Sie haben dieses Quiz noch nicht gespielt